|
|
|
|
| LEADER |
01154nam a2200289 a 4500 |
| 001 |
1272423 |
| 008 |
100119s1976 nyua b 001 0 eng d |
| 010 |
|
|
|a 75025744
|
| 020 |
|
|
|a 0070500150 :
|c $11.95.
|
| 020 |
|
|
|a 0070500266 (pbk).
|
| 040 |
|
|
|a DLC
|c DLC
|d DLC
|d DB-DhAAL
|
| 082 |
0 |
0 |
|a 155.2/5
|
| 100 |
1 |
|
|a Pikunas, Justin.
|
| 245 |
1 |
0 |
|a Human development, an emergent science /
|c Justin Pikunas ; with chapters revised by Robert P. O'Neil.
|
| 250 |
|
|
|a 3d ed.
|
| 260 |
|
|
|a New York :
|b McGraw-Hill,
|c c1976.
|
| 300 |
|
|
|a xviii, 435 p. :
|b ill. ;
|c 24 cm.
|
| 500 |
|
|
|a Published in 1961 under title: Psychology of human development, and in 1969 under title: Human development, a science of growth.
|
| 504 |
|
|
|a Includes bibliographies and indexes.
|
| 541 |
1 |
|
|e 00001338
|
| 650 |
|
0 |
|a Developmental psychology.
|
| 650 |
|
2 |
|a Adult.
|
| 650 |
|
2 |
|a Child development.
|
| 650 |
|
2 |
|a Psychology.
|
| 852 |
4 |
|
|a Ayesha Abed Library
|j General Shelf.
|
| 999 |
|
|
|c 7094
|d 7094
|
| 952 |
|
|
|0 0
|1 0
|2 ddc
|4 0
|6 155_250000000000000_PIK_1967
|7 0
|9 7369
|a BRACUL
|b BRACUL
|c GEN
|d 2010-01-21
|g 0.00
|l 0
|o 155.25 PIK
|p 3010001338
|r 2010-01-21
|t 1
|w 2010-01-21
|y BK
|z Not price in Register
|